Proyecto de capacitación continuada para extensionistas rurales : (Registro nro. 2349)
[ vista simple ]
| 000 -CABECERA | |
|---|---|
| Campo de control | 00741nam a2200229 a 4500 |
| 005 - FECHA Y HORA DE LA ULTIMA TRANSACCION | |
| Campo de control | 20191024114811.0 |
| 008 - ELEMENTOS DE LONGITUD FIJA—INFORMACION GENERAL | |
| Campo de control | 140305t2000 ck a gr|||| 00| 0 spa d |
| 040 ## - FUENTE DE CATALOGACIÓN | |
| Agencia catalogadora original | CO-BoIAVH |
| Agencia transcriptora | CO-BoIAVH |
| 041 0# - IDIOMA | |
| Código de idioma para texto/pista de sonido o título separado | Español |
| 044 ## - PAÍS DE PUBLICACIÓN | |
| País de publicación | Colombia |
| 082 04 - NUMERO DE CLASIFICACION DECIMAL DEWEY | |
| Número de clasificación | 344.046 |
| Número del ítem | M66p |
| 110 2# - ASIENTO PRINCIPAL--NOMBRE CORPORATIVO | |
| Unidad subordinad | Colombia. |
| Nombre corporativo o de jurisdicción como elemento de entrada | Ministerio del Medio Ambiente |
| 9 (RLIN) | 61696 |
| 245 1# - MENCION DE TITULO | |
| Título | Proyecto de capacitación continuada para extensionistas rurales : |
| Parte restante del título | documento síntesis |
| 260 ## - PUBLICACION, DISTRIBUCION, ETC. (PIE DE IMPRENTA) | |
| Lugar de publicación, distribución, etc. | Bogotá : |
| Nombre del editor, distribuidor, etc. | Convenio SENA Minambiente, |
| Fecha de publicación, distribución, etc. | 2000. |
| 300 ## - DESCRIPCION FISICA | |
| Extensión | 224 paginas : |
| Otros detalles físicos | ilustraciones ; |
| Dimensiones | 24 x 23 cm. |
| 650 14 - ASIENTO SECUNDARIO DE MATERIA - TERMINO TEMATICO | |
| Término temático o nombre geográfico como elemento de entrada | Extensión rural |
| 9 (RLIN) | 15587 |
| 650 24 - ASIENTO SECUNDARIO DE MATERIA - TERMINO TEMATICO | |
| Término temático o nombre geográfico como elemento de entrada | Capacitación |
| 9 (RLIN) | 92246 |
| 650 24 - ASIENTO SECUNDARIO DE MATERIA - TERMINO TEMATICO | |
| Término temático o nombre geográfico como elemento de entrada | Participación comunitaria |
| 9 (RLIN) | 61698 |
| 662 ## - ASIENTO SECUNDARIO DE MATERIA - JERARQUIA DEL NOMBRE DE LUGAR( | |
| País o entidad mayor | Colombia |
| 710 ## - ASIENTO SECUNDARIO - NOMBRE CORPORATIVO | |
| Nombre corporativo o de jurisdicción como elemento de entrada | SENA |
| 9 (RLIN) | 61699 |
| 942 ## - ELEMENTOS ADICIONALES (KOHA) | |
| Tipo de ítem | Libro |
| Sistema de clasificación | Dewey Decimal Classification |
| Withdrawn status | Lost status | Sistema de Clasificación | Damaged status | No para préstamo | Colección | Inventariado | Ubicación Permanente | Ubicación actual | Fecha de adquisición | Fuente de Valor | Valor | Total Checkouts | Número topográfico | Inventario / Código de Barras | Date last seen | Ejemplar | Price effective from | Tipo de material |
|---|---|---|---|---|---|---|---|---|---|---|---|---|---|---|---|---|---|---|
| Dewey Decimal Classification | General | Inventariado 2017 | Bogotá | Bogotá | 12/06/2001 | Instituto | 39000.00 | LB-344.046 M66p | 016054 | 04/12/2012 | Ej.1 | 04/12/2012 | Libro | |||||
| Dewey Decimal Classification | General | Inventariado 2017 | Sala Fabio Quevedo | Sala Fabio Quevedo | 03/07/2002 | Instituto | 39000.00 | LB-344.046 M66p | 002921 | 04/12/2012 | Ej.2 | 04/12/2012 | Libro | |||||
| Local | General | Villa de Leyva | Villa de Leyva | 16/06/2004 | Ministeriodel Medio Ambiente | LB-02169 | 016053 | 04/12/2012 | Ej.3 | 04/12/2012 | Libro |